| 000 | 00851nam a2200205 i 4500 | ||
|---|---|---|---|
| 001 | 79399 | ||
| 003 | ES-MaACL | ||
| 005 | 20250728063123.0 | ||
| 007 | t| | ||
| 008 | 041021s1920 sp ||||1| spa d | ||
| 100 | 1 |
_aHernández-Pacheco, Eduardo, _d1872-1965 _963012 |
|
| 245 | 1 | 0 |
_aComunicación respecto a los parques nacionales y a los monumentos naturales de España / _cEduardo Hernández-Pacheco. |
| 260 |
_aMadrid : _b[s.n., _c1920] |
||
| 300 |
_a16 p. : _bil. ; _c25 cm. |
||
| 500 | _aExtracto del Boletín de la Real Sociedad Española de Historia Natural, Tomo XX, 1920 (páginas 267-282) | ||
| 650 | 0 | 4 |
_aParques nacionales- _zEspaña. _915847 |
| 650 | 0 | 4 |
_aNaturaleza- _xProtección- _zEspaña. _915486 |
| 852 |
_aES-MaACL _j1597-F-8 _z.- Donat. de Eduardo Hernández-Pacheco, en anotación manuscrita |
||
| 999 |
_c79399 _d79399 |
||